000 01044cam a2200277 i 4500
001 3192987
005 20250207080147.0
008 770520s1977 paua b 001 0 eng
020 _a0397503687
050 0 0 _aRC400
_b.H66
082 0 0 _a616.8/3
100 1 _aHoppenfeld, Stanley,
_d1934-
245 1 0 _aOrthopaedic neurology :
_ba diagnostic guide to neurologic levels /
_cStanley Hoppenfeld, in collaboration with Richard Hutton ; medical ill. by Hugh Thomas.
260 _aPhiladelphia :
_bJ. B. Lippincott Company,
_cc1977.
300 _axii, 131 p. :
_bill. ;
_c25 cm.
500 _aIncludes index.
650 0 _aSpinal cord
_xDiseases
_xDiagnosis.
650 0 _aSpinal cord
_xWounds and injuries
_xDiagnosis.
650 0 _aSpinal nerves
_xDiseases
_xDiagnosis.
650 0 _aSpinal nerves
_xWounds and injuries
_xDiagnosis.
650 2 _aSpinal cord diseases
_xDiagnosis.
650 2 _aCentral nervous system diseases
_xDiagnosis.
650 2 _aNeurologic examination.
700 1 _aHutton, Richard,
_ejoint author.
942 _2lcc
_cBK
_n0
999 _c3535
_d3535